Spain all time starting xi - Statistics

General Stats
  • This quiz has been taken 261 times
    45 since last reset
  • The average score is 10 of 11
Answer Stats
Hint Answer % Correct
GK(2000-2016 Iker Casillas
100%
MF(2006-2018 Andrés Iniesta
97%
MF(2000-2014 Xavi
97%
DF(2005-2021 Sergio Ramos
95%
MF(2009-2022 Sergio Busquets
92%
DF(2000-2013 Carles Puyol
89%
DF(2011-2023 Jordi Alba
89%
FW(2005-2017 David Villa
84%
FW(2003-2014 Fernando Torres
84%
DF(2009-2018 Gerard Pique
84%
FW(1996-2006 Raúl
82%
No matching quizzes found
Score Distribution
Percent of People with Each Score
Percentile by Number Answered
Your Score History
You have not taken this quiz since the last reset